• AIU
  • Tony Wilmot Memorial Library

Israel's nature wonderland. (Record no. 57668)

MARC details
000 -LEADER
fixed length control field 00328nam a22001337a 4500
003 - CONTROL NUMBER IDENTIFIER
control field OSt
005 - DATE AND TIME OF LATEST TRANSACTION
control field 20170531020004.0
008 - FIXED-LENGTH DATA ELEMENTS--GENERAL INFORMATION
fixed length control field 130724b xxu||||| |||| 00| 0 eng d
040 ## - CATALOGING SOURCE
Original cataloging agency AIU Library
Transcribing agency DLC
050 ## - LIBRARY OF CONGRESS CALL NUMBER
Classification number BS 649
Item number .I87
245 ## - TITLE STATEMENT
Title Israel's nature wonderland.
260 ## - PUBLICATION, DISTRIBUTION, ETC. (IMPRINT)
Place of publication, distribution, etc Israel.
Name of publisher, distributor, etc Doko video LTD.
942 ## - ADDED ENTRY ELEMENTS (KOHA)
Source of classification or shelving scheme Library of Congress Classification
Koha item type Video
Koha issues (borrowed), all copies 1
Holdings
Withdrawn status Lost status Source of classification or shelving scheme Damaged status Not for loan Collection code Home library Current library Shelving location Date acquired Cost, normal purchase price Total Checkouts Full call number Barcode Date last seen Date checked out Price effective from Koha item type
    Library of Congress Classification     General Circulation AIU/NEGST - Tony Wilmot Memorial Library AIU/NEGST - Tony Wilmot Memorial Library CD & DVD Cabinet 07/24/2013 0.00 1 BS 649 .I87 VIDEO R36050M3232 05/30/2017 05/30/2017 07/24/2013 Video